000 00509nam a22001697a 4500
999 _c8357
_d8357
008 201117b ||||| |||| 00| 0 eng d
040 _aBMS College of Architecture
100 _aSubhash, Nishika
245 _aCenter for special education
300 _aNA
500 _a1BM15AT062
502 _8B,Arch
_NBMS College of Architecture, Visvesvaraya Technological University (VTU)
_aProject report
_d2019
650 _aEducation
700 _aAnirban Pal
_eGuide
700 _aSachin
_eGuide
942 _2ddc
_cTHE